The training center plan for rehabilitation of the tuberculous at Rutland training center, Rutland, Mass. (Record no. 38199)

MARC details
000 -LEADER
fixed length control field 00820cam a22002171 4500
001 - CONTROL NUMBER
control field med47000849
003 - CONTROL NUMBER IDENTIFIER
control field DLC
005 - DATE AND TIME OF LATEST TRANSACTION
control field 20260227111601.0
008 - FIXED-LENGTH DATA ELEMENTS--GENERAL INFORMATION
fixed length control field 860710s1946 nyua 000 0 eng c
010 ## - LIBRARY OF CONGRESS CONTROL NUMBER
LC control number med47000849
035 ## - SYSTEM CONTROL NUMBER
System control number (OCoLC)13848741
040 ## - CATALOGING SOURCE
Original cataloging agency U. S. Army medical library
Transcribing agency CU
Modifying agency CU
-- DLC
050 00 - LIBRARY OF CONGRESS CALL NUMBER
Classification number RC445.M4
Item number R823
100 1# - MAIN ENTRY--PERSONAL NAME
Personal name White, Harding L.,
Dates associated with a name 1897-
245 14 - TITLE STATEMENT
Title The training center plan for rehabilitation of the tuberculous at Rutland training center, Rutland, Mass.
Statement of responsibility, etc. An interim report by Harding L. White ... and Robert W. Maloney ...
260 ## - PUBLICATION, DISTRIBUTION, ETC.
Place of publication, distribution, etc. New York,
Name of publisher, distributor, etc. National tuberculosis assn.,
Date of publication, distribution, etc. 1946.
300 ## - PHYSICAL DESCRIPTION
Extent vii, 35 p.
Other physical details illus.
Dimensions 23 cm.
610 20 - SUBJECT ADDED ENTRY--CORPORATE NAME
Corporate name or jurisdiction name as entry element Rutland Training Center (Rutland, Mass)
650 #0 - SUBJECT ADDED ENTRY--TOPICAL TERM
Topical term or geographic name entry element Tuberculosis
General subdivision Patients
-- Rehabilitation.
700 1# - ADDED ENTRY--PERSONAL NAME
Personal name Maloney, Robert W.,
Dates associated with a name 1914-

No items available.

Powered by Koha